000
00284nam a2200109Ia 4500
008
190902s9999||||xx |||||||||||||| ||und||
100
_a
M. Ali Kettani
245
0
_a
Muslim Minorities In The World Today
260
_a
Karachi
_b
Begum Aisha Bawany Waqf
_c
268
300
_a
1990
942
_c
BK
999
_c
2648
_d
2648